| Tag |
First Indicator |
Second Indicator |
Subfields |
| LEADER |
00000cam a2200000 a 4500 |
| 001 |
in00000016717 |
| 005 |
20151007052838.0 |
| 008 |
870825s1939 mx abf 00010 spa d |
| 035 |
|
|
|a (OCoLC)16545282
|
| 035 |
|
|
|9 AAA9412AM
|
| 040 |
|
|
|a IQU
|c IQU
|d TXA
|d UtOrBLW
|
| 043 |
|
|
|a n-mx---
|
| 049 |
|
|
|a TXAM
|c [A09623404]
|
| 050 |
|
4 |
|a F1219.1.O11
|b C28 1939
|
| 100 |
1 |
|
|a Caso, Alfonso,
|d 1896-1970.
|
| 245 |
1 |
0 |
|a Culturas mixteca y zapoteca /
|c Alfonso Caso.
|
| 264 |
|
1 |
|a México, D.F. :
|b Ediciones Encuadernables El Nacional,
|c 1939.
|
| 300 |
|
|
|a 69 pages, 41 unnumbered pages of plates :
|b illustrations, map ;
|c 21 cm.
|
| 336 |
|
|
|a text
|b txt
|2 rdacontent
|
| 337 |
|
|
|a unmediated
|b n
|2 rdamedia
|
| 338 |
|
|
|a volume
|b nc
|2 rdacarrier
|
| 490 |
1 |
|
|a Biblioteca del maestro
|
| 490 |
0 |
|
|a Culturas precortesians ;
|v t. 1
|
| 651 |
|
0 |
|a Oaxaca (Mexico : State)
|x Antiquities.
|
| 650 |
|
0 |
|a Mixtec Indians
|x Antiquities.
|
| 650 |
|
0 |
|a Zapotec Indians
|x Antiquities.
|
| 650 |
|
0 |
|a Indians of Mexico
|z Oaxaca
|x Antiquities.
|
| 830 |
|
0 |
|a Biblioteca del maestro.
|
| 999 |
|
|
|a MARS
|
| 999 |
f |
f |
|s c909650f-b73d-3086-a694-17371c5bda8d
|i 4d59ad4a-9456-3126-9289-bc9f2e25f84a
|t 0
|
| 952 |
f |
f |
|p ric
|a Texas A&M University
|b Rellis Campus
|c Joint Library Facility
|d Remote Storage
|t 0
|e F1219.1.O11 C28 1939
|h Library of Congress classification
|i unmediated -- volume
|m A14809623404
|
| 998 |
f |
f |
|a F1219.1.O11 C28 1939
|t 0
|l Remote Storage
|